[Event "Southend Easter op 64th"]
[Site "Southend-on-Sea"]
[Date "2022.04.17"]
[Round "5.8"]
[White "Dias, Savin"]
[Black "Stewart, Ashley"]
[Result "0-1"]
[WhiteElo "1968"]
[BlackElo "2069"]
[PlyCount "104"]
[EventDate "2022.04.15"]
[EventType "swiss"]
[EventRounds "7"]
[EventCountry "ENG"]

1. e4 e6 2. d4 d5 3. Nc3 Nf6 4. e5 Nfd7 5. f4 c5 6. Nf3 Nc6 7. Be3 Be7 8. Qd2
O-O 9. Be2 b6 10. O-O f5 11. Nd1 cxd4 12. Nxd4 Nxd4 13. Bxd4 Nc5 14. Bd3 Bb7
15. c3 Ne4 16. Qe2 Bc5 17. Ne3 Rf7 18. g4 g6 19. Kg2 Rg7 20. Rad1 Qe7 21. Bxe4
dxe4 22. Bxc5 Qxc5 23. g5 h6 24. gxh6 Rh7 25. Rd6 Re8 26. Rfd1 Rxh6 27. Rd7 Ba6
28. c4 Rh7 29. Rxh7 Kxh7 30. Rd7+ Re7 31. Qd2 Kg8 32. Rd8+ Kf7 33. b3 g5 34.
Rh8 Qc7 35. fxg5 Kg7 36. Qd8 Qxd8 37. Rxd8 f4 38. Ng4 Bb7 39. h4 Kg6 40. Rg8+
Kf5 41. Kh3 e3 42. Nxe3+ fxe3 43. Rf8+ Kg6 44. Rf1 e2 45. Re1 Bf3 46. Kg3 Bh5
47. Kf2 Rd7 48. b4 Rd4 49. c5 bxc5 50. bxc5 Rf4+ 51. Ke3 Rc4 52. Kd2 Rxc5 0-1

[Event "Southend Easter op 64th"]
[Site "Southend-on-Sea"]
[Date "2022.04.17"]
[Round "5.9"]
[White "Kafetzopoulos, Anastasios"]
[Black "Varnam, Liam D"]
[Result "0-1"]
[WhiteElo "1934"]
[BlackElo "2087"]
[PlyCount "62"]
[EventDate "2022.04.15"]
[EventType "swiss"]
[EventRounds "7"]
[EventCountry "ENG"]

1. d4 d5 2. c4 dxc4 3. e4 e5 4. Nf3 exd4 5. Bxc4 Nc6 6. O-O Be6 7. Bb5 Bc5 8.
b4 Bb6 9. a4 a6 10. Bxc6+ bxc6 11. Nbd2 Ne7 12. Ne5 O-O 13. a5 Ba7 14. Qc2 c5
15. bxc5 f6 16. Nd3 Nc6 17. Nf3 Rb8 18. Bd2 Bb3 19. Qc1 Qe7 20. Ra3 Qf7 21. Re1
Rb5 22. e5 fxe5 23. Ndxe5 Nxe5 24. Rxe5 Ba2 25. Qc2 Bb1 26. Qc1 Bg6 27. Ra1 Bh5
28. Ra3 d3 29. Re3 Bxc5 30. Rexd3 Bg6 31. Rdb3 Bxa3 0-1

[Event "Southend Easter op 64th"]
[Site "Southend-on-Sea"]
[Date "2022.04.17"]
[Round "5.10"]
[White "Onslow, Alfie"]
[Black "Barton, Tom A"]
[Result "1-0"]
[WhiteElo "2077"]
[BlackElo "1779"]
[PlyCount "47"]
[EventDate "2022.04.15"]
[EventType "swiss"]
[EventRounds "7"]
[EventCountry "ENG"]

1. e4 c5 2. Nf3 d6 3. d4 cxd4 4. Nxd4 Nf6 5. Nc3 a6 6. h3 e5 7. Nb3 Be7 8. Be3
O-O 9. Qf3 b5 10. g4 Bb7 11. O-O-O b4 12. Nd5 Nxd5 13. exd5 Nd7 14. Kb1 a5 15.
Nd2 Nf6 16. Bc4 Qc7 17. g5 Nd7 18. Bd3 f5 19. Bxf5 Kh8 20. Qg4 Bxd5 21. Bxd7
Bxh1 22. Rxh1 a4 23. g6 hxg6 24. Be6 1-0

[Event "Southend Easter op 64th"]
[Site "Southend-on-Sea"]
[Date "2022.04.17"]
[Round "5.11"]
[White "Foster, Timothy"]
[Black "Ethelontis, Alexandros N"]
[Result "1/2-1/2"]
[WhiteElo "1872"]
[BlackElo "2077"]
[PlyCount "129"]
[EventDate "2022.04.15"]
[EventType "swiss"]
[EventRounds "7"]
[EventCountry "ENG"]

1. Nf3 Nf6 2. g3 d5 3. c4 c6 4. Bg2 Bg4 5. Ne5 Be6 6. cxd5 Bxd5 7. Nf3 c5 8.
Nc3 Bc6 9. d3 e6 10. O-O Be7 11. e4 Nbd7 12. Qc2 Rc8 13. d4 O-O 14. Rd1 cxd4
15. Nxd4 Qa5 16. Nxc6 Rxc6 17. e5 Nd5 18. Bxd5 exd5 19. Qb3 d4 20. Rxd4 Nxe5
21. Rd5 Rc5 22. Be3 Rxd5 23. Qxd5 Bb4 24. Qxa5 Bxa5 25. Bxa7 Rd8 26. Rd1 Nd3
27. Na4 b5 28. Bb6 Bxb6 29. Nxb6 Kf8 30. b3 Rd6 31. Kf1 g5 32. Nc8 Rd7 33. Ke2
Rc7 34. Rxd3 Rxc8 35. Rd5 Rc2+ 36. Ke3 h6 37. Rxb5 Rxa2 38. Rb6 Kg7 39. b4 f6
40. g4 Rb2 41. b5 Kg6 42. Rb8 h5 43. gxh5+ Kxh5 44. b6 Kg4 45. f3+ Kf5 46. Kd4
Kf4 47. Kc5 Rc2+ 48. Kd6 Rxh2 49. Rf8 Kxf3 50. Rxf6+ Ke4 51. Rg6 Rb2 52. Kc7
Kf5 53. Rg8 g4 54. b7 Kf4 55. b8=Q Rxb8 56. Kxb8 g3 57. Kc7 Kf3 58. Rf8+ Ke2
59. Rg8 Kf2 60. Rf8+ Ke2 61. Rg8 Kf2 62. Kd6 g2 63. Rf8+ Ke2 64. Rg8 Kf2 65.
Ke5 1/2-1/2

[Event "Southend Easter op 64th"]
[Site "Southend-on-Sea"]
[Date "2022.04.17"]
[Round "5.12"]
[White "Badacsonyi, Stanley"]
[Black "Baer, Bruce L"]
[Result "0-1"]
[WhiteElo "1476"]
[BlackElo "1992"]
[PlyCount "74"]
[EventDate "2022.04.15"]
[EventType "swiss"]
[EventRounds "7"]
[EventCountry "ENG"]

1. d4 g6 2. Nc3 Bg7 3. e4 a6 4. Be3 d6 5. f3 b5 6. a3 Nd7 7. Qd2 Bb7 8. Nge2
Rc8 9. g3 c5 10. Rd1 cxd4 11. Bxd4 Ne5 12. Bg2 Bh6 13. f4 Nc4 14. Qc1 e5 15.
Bf2 Nf6 16. b3 Na5 17. Qe3 Ng4 18. Qb6 Nxf2 19. Qxf2 exf4 20. gxf4 O-O 21. O-O
Qc7 22. Kh1 Bg7 23. Rd3 f5 24. Nd4 Qb6 25. Nd5 Bxd5 26. exd5 Bxd4 27. Rxd4 Rfe8
28. Qd2 Rxc2 29. Qxc2 Qxd4 30. Qc7 Nxb3 31. Qxd6 Nd2 32. Rg1 Ne4 33. Bxe4 Qxe4+
34. Rg2 Qf3 35. h3 Qxh3+ 36. Kg1 Re1+ 37. Kf2 Qe3# 0-1

[Event "Southend Easter op 64th"]
[Site "Southend-on-Sea"]
[Date "2022.04.17"]
[Round "5.13"]
[White "Rogers, Tim L"]
[Black "Hobson, Kenneth"]
[Result "0-1"]
[WhiteElo "1986"]
[BlackElo "1674"]
[PlyCount "84"]
[EventDate "2022.04.15"]
[EventType "swiss"]
[EventRounds "7"]
[EventCountry "ENG"]

1. e4 e5 2. Nf3 Nc6 3. Bc4 Nf6 4. d3 h6 5. O-O d6 6. c3 g6 7. Re1 Bg7 8. Nbd2
O-O 9. h3 Na5 10. Bb5 a6 11. Ba4 b5 12. Bc2 c5 13. Nf1 Bb7 14. Ng3 Re8 15. Be3
Rc8 16. Nh2 d5 17. Qc1 Kh7 18. Ng4 Nxg4 19. hxg4 d4 20. cxd4 exd4 21. Bd2 c4
22. Qd1 cxd3 23. Bxd3 Nc4 24. Bc1 Qh4 25. Nf1 Ne5 26. Nh2 f5 27. g3 Qf6 28.
exf5 Nxd3 29. Rxe8 Rxe8 30. Qxd3 Qc6 31. fxg6+ Kh8 32. f3 Re1+ 33. Kg2 Rxc1 34.
Rxc1 Qxc1 35. Qb3 Qc4 36. Qd1 d3 37. Qe1 Qc2+ 38. Kh3 Qe2 39. Qa5 Qe7 40. Qd2
Qd6 41. f4 Qxg6 42. f5 Qc6 0-1

[Event "Southend Easter op 64th"]
[Site "Southend-on-Sea"]
[Date "2022.04.17"]
[Round "5.14"]
[White "Stoica, Savas Marin"]
[Black "Tapp, James"]
[Result "1/2-1/2"]
[WhiteElo "1963"]
[BlackElo "1882"]
[PlyCount "109"]
[EventDate "2022.04.15"]
[EventType "swiss"]
[EventRounds "7"]
[EventCountry "ENG"]

1. d4 Nf6 2. c4 e6 3. Nc3 Bb4 4. f3 d5 5. a3 Bxc3+ 6. bxc3 c5 7. cxd5 Nxd5 8.
dxc5 f5 9. Nh3 Nc6 10. c4 Qh4+ 11. g3 Qxc4 12. e4 Qc3+ 13. Bd2 Qe5 14. Nf2 fxe4
15. Nxe4 O-O 16. Bg2 Qd4 17. Bg5 Ne3 18. Qxd4 Nxg2+ 19. Kf2 Nxd4 20. Kxg2 Nxf3
21. Be7 Rf7 22. Rad1 Rxe7 23. Rd8+ Kf7 24. Nd6+ Kg6 25. Nxc8 Rxc8 26. Rxc8 Nd4
27. g4 e5 28. Rd8 Ne6 29. Rd6 h5 30. Kg3 hxg4 31. Kxg4 Kf7 32. c6 bxc6 33. Rxc6
e4 34. Re1 Nc7 35. Rc5 Ne8 36. a4 Kg6 37. Rg5+ Kf7 38. Kf4 Nf6 39. a5 Rc7 40.
Rb5 a6 41. Rf5 Rc3 42. Re3 Rc2 43. h3 Ke6 44. Re5+ Kd6 45. Rg5 Nd5+ 46. Kxe4
Nxe3 47. Kxe3 Rc3+ 48. Kd4 Rxh3 49. Rg6+ Kc7 50. Rxa6 Ra3 51. Kc4 Kb7 52. Rb6+
Ka7 53. Kb4 Ra1 54. Rg6 Rb1+ 55. Kc3 1/2-1/2

[Event "Southend Easter op 64th"]
[Site "Southend-on-Sea"]
[Date "2022.04.17"]
[Round "5.15"]
[White "Pandit, Kabir"]
[Black "Hill, Alistair"]
[Result "1-0"]
[WhiteElo "1826"]
[BlackElo "2223"]
[PlyCount "91"]
[EventDate "2022.04.15"]
[EventType "swiss"]
[EventRounds "7"]
[EventCountry "ENG"]

1. c4 Nf6 2. g3 c5 3. Bg2 d5 4. cxd5 Nxd5 5. Nc3 Nc7 6. d3 e5 7. Be3 Nc6 8.
Bxc6+ bxc6 9. Nf3 f6 10. Qd2 Nd5 11. Rc1 Bg4 12. O-O Rb8 13. b3 h5 14. Ne4 Bh3
15. Rfd1 h4 16. Bxc5 hxg3 17. fxg3 g5 18. e3 Qd7 19. Bxf8 Kxf8 20. Qf2 Kg7 21.
Ne1 Rbf8 22. Rc4 Rh5 23. Rdc1 f5 24. Nc5 Qc8 25. Qb2 Re8 26. Nf3 Nxe3 27. Nxe5
Nxc4 28. Nxc4+ Kh7 29. Nd6 Qd8 30. Nxe8 Qxe8 31. Qf2 f4 32. Re1 Qf7 33. Ne4 Qg7
34. Nd6 Rh6 35. Nc4 Rf6 36. gxf4 Rxf4 37. Qe3 Rg4+ 38. Kh1 Bg2+ 39. Kg1 Bh3+
40. Kh1 Bg2+ 41. Kg1 Qf7 42. Ne5 Bh3+ 43. Nxg4 Bxg4 44. Qe7 Kg6 45. Qxf7+ Kxf7
46. Kf2 1-0

[Event "Southend Easter op 64th"]
[Site "Southend-on-Sea"]
[Date "2022.04.17"]
[Round "5.16"]
[White "Mehrafarin, Amirabbas"]
[Black "Eames, Robert S"]
[Result "0-1"]
[WhiteElo "1716"]
[BlackElo "2140"]
[PlyCount "88"]
[EventDate "2022.04.15"]
[EventType "swiss"]
[EventRounds "7"]
[EventCountry "ENG"]

1. e4 e6 2. Nf3 d5 3. Nc3 Nf6 4. exd5 exd5 5. d4 c6 6. Bd3 Bg4 7. h3 Bh5 8. g4
Bg6 9. Qe2+ Be7 10. g5 Nh5 11. Bxg6 hxg6 12. Be3 Nd7 13. a3 O-O 14. O-O-O b5
15. Na2 Bd6 16. Qd2 a5 17. Rhg1 Qc7 18. Rg4 Nb6 19. Ne5 b4 20. a4 Nxa4 21. Qd3
c5 22. Qb5 cxd4 23. Bxd4 Bxe5 24. Qxa4 Nf4 25. Kb1 Rfe8 26. Nc1 Ne6 27. Bxe5
Qxe5 28. Nd3 Qd6 29. Re1 Rec8 30. h4 Rc4 31. Ne5 Rxg4 32. Nxg4 Qf4 33. Qc6 Rd8
34. Rxe6 fxe6 35. Qxe6+ Qf7 36. Qb6 Re8 37. Qxa5 Re1+ 38. Ka2 d4+ 39. b3 Qf5
40. Qd8+ Kh7 41. Nf6+ gxf6 42. Qc7+ Kg8 43. Qd8+ Kf7 44. Qc7+ Re7 0-1

[Event "Southend Easter op 64th"]
[Site "Southend-on-Sea"]
[Date "2022.04.17"]
[Round "5.17"]
[White "Badacsonyi, Frankie"]
[Black "Potter, John M"]
[Result "1/2-1/2"]
[WhiteElo "1710"]
[BlackElo "2055"]
[PlyCount "52"]
[EventDate "2022.04.15"]
[EventType "swiss"]
[EventRounds "7"]
[EventCountry "ENG"]

1. Nf3 g6 2. g3 Bg7 3. d4 Nf6 4. Bg2 O-O 5. c4 d6 6. O-O Nfd7 7. Nc3 Nc6 8. Be3
e5 9. Qd2 Ne7 10. Rad1 Nf5 11. dxe5 Nxe3 12. Qxe3 dxe5 13. Nd2 c6 14. Nde4 Qe7
15. Nd6 Nf6 16. Nxc8 Rfxc8 17. a3 Qe6 18. b3 Bf8 19. a4 b6 20. Qd3 Be7 21. Qc2
Rd8 22. Rxd8+ Rxd8 23. Rd1 Rxd1+ 24. Qxd1 Kg7 25. Qd3 Bb4 26. Ne4 h6 1/2-1/2

[Event "Southend Easter op 64th"]
[Site "Southend-on-Sea"]
[Date "2022.04.17"]
[Round "5.18"]
[White "Vaidya, Raghav"]
[Black "Ledger, Stephen C"]
[Result "0-1"]
[WhiteElo "1561"]
[BlackElo "2010"]
[PlyCount "146"]
[EventDate "2022.04.15"]
[EventType "swiss"]
[EventRounds "7"]
[EventCountry "ENG"]

1. c4 e5 2. Nc3 Nc6 3. Nf3 g6 4. d4 exd4 5. Nxd4 Bg7 6. Nxc6 bxc6 7. e4 d6 8.
g3 Ne7 9. Bg2 O-O 10. O-O Be6 11. Qd3 Rb8 12. Rd1 c5 13. b3 Nc6 14. Bb2 Bd4 15.
Na4 Bxb2 16. Nxb2 Qf6 17. Qd2 Nd4 18. f4 Bh3 19. Rf1 Bxg2 20. Kxg2 Rfe8 21.
Rae1 Qe6 22. Nd3 Qd7 23. Re3 Qc6 24. Nf2 Re7 25. Rfe1 Rbe8 26. Qd3 Qa6 27. Qd2
Qb7 28. Qd3 a5 29. Kf1 a4 30. Ng4 Kg7 31. Nf2 axb3 32. axb3 Ra8 33. Rb1 Qb4 34.
f5 Rae8 35. fxg6 hxg6 36. Rbe1 Rb8 37. Rb1 c6 38. h3 Qa3 39. Qc3 Qb4 40. Qd3
Ra7 41. e5 dxe5 42. Rxe5 Ra3 43. Re3 Rxb3 44. Rxb3 Qxb3 45. Qxb3 Rxb3 46. Rxb3
Nxb3 47. Ke2 f5 48. Ke3 Kf6 49. Nd3 Na5 50. Nb2 Kg5 51. Kf3 Nb3 52. h4+ Kf6 53.
Kf4 Nd4 54. Nd3 Ne6+ 55. Kf3 g5 56. hxg5+ Kxg5 57. Nf2 Nd4+ 58. Ke3 Nc2+ 59.
Kd2 Nd4 60. Ke3 Nb3 61. Kd3 Na5 62. Kc3 Nb7 63. Kd3 Nd6 64. Kc3 Kf6 65. Kd3 Ke5
66. Nh3 Ne4 67. Ke3 Nxg3 68. Nf2 Nf1+ 69. Ke2 Nh2 70. Kd3 Ng4 71. Nd1 f4 72.
Nc3 f3 73. Ne4 f2 0-1

[Event "Southend Easter op 64th"]
[Site "Southend-on-Sea"]
[Date "2022.04.17"]
[Round "5.19"]
[White "Moore, John C"]
[Black "Bryant, Harry"]
[Result "0-1"]
[WhiteElo "1980"]
[BlackElo "1425"]
[PlyCount "112"]
[EventDate "2022.04.15"]
[EventType "swiss"]
[EventRounds "7"]
[EventCountry "ENG"]

1. e4 c5 2. Nc3 d6 3. g3 Nc6 4. Bg2 g6 5. d3 Bg7 6. f4 Nf6 7. Nf3 O-O 8. O-O
Rb8 9. h3 b5 10. g4 e6 11. Be3 a5 12. Qd2 Nd7 13. Rab1 Ne7 14. f5 exf5 15. gxf5
f6 16. Ne2 Ne5 17. Nxe5 fxe5 18. fxg6 Nxg6 19. Bg5 Qc7 20. Rxf8+ Bxf8 21. Ng3
Be6 22. Rf1 Be7 23. Nh5 Rf8 24. Rxf8+ Nxf8 25. Kh2 Bxg5 26. Qxg5+ Ng6 27. Nf6+
Kh8 28. Bf3 Qe7 29. h4 Qf8 30. h5 Nf4 31. h6 Bxa2 32. Nd7 Ne6 33. Qh5 Qf4+ 34.
Kg2 Qg5+ 35. Qxg5 Nxg5 36. Bh5 Bb1 37. Bd1 Ne6 38. Nb6 Nd4 39. c3 Ne6 40. Nc8
Nf4+ 41. Kg3 Nxd3 42. Nxd6 Nxb2 43. Bg4 b4 44. cxb4 cxb4 45. Be6 a4 46. Nf7+
Kg8 47. Ng5+ Kh8 48. Nf7+ Kg8 49. Ng5+ Kf8 50. Nxh7+ Ke7 51. Ng5 Kf6 52. h7 Kg7
53. Bf5 Ba2 54. Nf3 a3 55. Nxe5 Bb3 56. Nc6 a2 0-1

[Event "Southend Easter op 64th"]
[Site "Southend-on-Sea"]
[Date "2022.04.17"]
[Round "5.20"]
[White "Pert, Nina"]
[Black "Thatte, Nishchal"]
[Result "1/2-1/2"]
[WhiteElo "1535"]
[BlackElo "1892"]
[PlyCount "180"]
[EventDate "2022.04.15"]
[EventType "swiss"]
[EventRounds "7"]
[EventCountry "ENG"]

1. e4 c5 2. Nf3 d6 3. d4 cxd4 4. Nxd4 Nf6 5. Nc3 a6 6. Bd3 e5 7. Nde2 Be7 8.
O-O O-O 9. Kh1 b5 10. Ng3 g6 11. f4 exf4 12. Bxf4 Be6 13. Qf3 Nbd7 14. h3 Ne5
15. Qf2 Kh8 16. Rad1 Qc8 17. Qd4 Nc6 18. Qe3 Nd7 19. Bh6 Re8 20. Qf4 Bf6 21.
Nd5 Be5 22. Qh4 Kg8 23. Rf2 Bxd5 24. exd5 Ne7 25. Rdf1 f6 26. c3 Ra7 27. Bc2
Qc4 28. Bf4 f5 29. Bb3 Bf6 30. Qh6 Bg7 31. Qg5 Bf6 32. Qh6 Bg7 33. Qxg7+ Kxg7
34. Bxc4 bxc4 35. Re1 Nf6 36. Rd2 Kf7 37. Bxd6 Nexd5 38. Rxe8 Kxe8 39. Rd4 Rb7
40. Ba3 Ne3 41. Rd6 Kf7 42. Rd2 f4 43. Ne2 Ne4 44. Rd4 Ng3+ 45. Nxg3 fxg3 46.
Rf4+ Kg7 47. Bc5 Nf5 48. Ba3 Rd7 49. Rf1 Rd2 50. Rb1 Ne3 51. Bc5 Nd1 52. Bd4+
Kf7 53. b4 Ke6 54. Kg1 Nf2 55. a4 Kd6 56. b5 axb5 57. axb5 Nd3 58. b6 Rb2 59.
Rxb2 Nxb2 60. b7 Kc7 61. Be5+ Kxb7 62. Bxg3 Kc6 63. Kf1 Kd5 64. Ke2 Ke4 65. Bh4
Na4 66. Bf6 Nb6 67. g3 Nd5 68. Bd4 h5 69. Bg7 Ne7 70. Bd4 Nf5 71. Bf2 Nd6 72.
Bd4 Nb5 73. Bf6 Nc7 74. Bd4 Nd5 75. Bg7 g5 76. Bd4 Nc7 77. Bf6 g4 78. h4 Nd5
79. Bd4 Ne7 80. Bc5 Nf5 81. Bf2 Kd5 82. Kd2 Ke4 83. Ke2 Nd6 84. Bd4 Nb5 85. Bg7
Nc7 86. Bd4 Nd5 87. Bg7 Kf5 88. Bd4 Ke6 89. Bh8 Kd6 90. Bd4 Ke6 1/2-1/2

[Event "Southend Easter op 64th"]
[Site "Southend-on-Sea"]
[Date "2022.04.17"]
[Round "5.21"]
[White "Catabay, Mae Katelyn Rose"]
[Black "Williamson, Kevin J"]
[Result "1/2-1/2"]
[WhiteElo "1265"]
[BlackElo "1878"]
[PlyCount "70"]
[EventDate "2022.04.15"]
[EventType "swiss"]
[EventRounds "7"]
[EventCountry "ENG"]

1. e4 e5 2. f4 Qh4+ 3. g3 Qe7 4. d3 d6 5. Nc3 Nf6 6. Be2 Nc6 7. Be3 g6 8. Qd2
Bg7 9. O-O-O Bd7 10. Nf3 h6 11. h3 a6 12. g4 exf4 13. Bxf4 O-O-O 14. Rhf1 g5
15. Be3 Be6 16. d4 d5 17. e5 Ne4 18. Qe1 Nxc3 19. Qxc3 Qb4 20. Qxb4 Nxb4 21. a3
Nc6 22. Nd2 a5 23. Bd3 Rdf8 24. Bf5 Ne7 25. Nb3 b6 26. Rf2 Kd7 27. Rdf1 f6 28.
Bxe6+ Kxe6 29. exf6 Rxf6 30. Kd2 Rhf8 31. Nc1 Ng6 32. Nd3 Rxf2+ 33. Rxf2 Rxf2+
34. Bxf2 Bf8 35. Bg3 Bd6 1/2-1/2

[Event "Southend Easter op 64th"]
[Site "Southend-on-Sea"]
[Date "2022.04.17"]
[Round "5.22"]
[White "Edipoglu, Berk"]
[Black "Kesterson, Kennan"]
[Result "0-1"]
[WhiteElo "1502"]
[BlackElo "1829"]
[PlyCount "72"]
[EventDate "2022.04.15"]
[EventType "swiss"]
[EventRounds "7"]
[EventCountry "ENG"]

1. e4 e6 2. d4 d5 3. Nc3 Bb4 4. e5 c5 5. Bd2 Ne7 6. Nb5 Bxd2+ 7. Qxd2 O-O 8.
Nd6 cxd4 9. Bd3 Nbc6 10. Nf3 Nxe5 11. Nxc8 Nxd3+ 12. Qxd3 Rxc8 13. h4 Qa5+ 14.
Kf1 Qa6 15. Ke2 Rxc2+ 16. Nd2 Qxd3+ 17. Kxd3 Rxb2 18. Rhc1 Nc6 19. Rab1 Ne5+
20. Kxd4 Rxd2+ 21. Kxe5 Rxa2 22. Rxb7 Rxf2 23. Rxa7 Rxg2 24. Rca1 Rg4 25. Ra8
Re4+ 26. Kd6 g6 27. h5 Rxa8 28. Rxa8+ Kg7 29. hxg6 hxg6 30. Ke7 d4 31. Rf8 Rf4
32. Rd8 g5 33. Ra8 d3 34. Ra3 Rd4 35. Ra1 d2 36. Rd1 e5 0-1

[Event "Southend Easter op 64th"]
[Site "Southend-on-Sea"]
[Date "2022.04.17"]
[Round "5.23"]
[White "Sedykh, Stakhey"]
[Black "Staples, Maurice J"]
[Result "1/2-1/2"]
[WhiteElo "1604"]
[BlackElo "1986"]
[PlyCount "31"]
[EventDate "2022.04.15"]
[EventType "swiss"]
[EventRounds "7"]
[EventCountry "ENG"]

1. e4 Nc6 2. d4 d5 3. e5 Bf5 4. Bb5 e6 5. Be3 Nge7 6. c3 a6 7. Ba4 b5 8. Bc2
Bxc2 9. Qxc2 Nf5 10. Nf3 Be7 11. O-O O-O 12. Nbd2 Na5 13. b4 Nc4 14. Nxc4 bxc4
15. a4 a5 16. Rfb1 1/2-1/2

[Event "Southend Easter op 64th"]
[Site "Southend-on-Sea"]
[Date "2022.04.17"]
[Round "5.24"]
[White "Brixel, Christof"]
[Black "Freeman, Ashley"]
[Result "1-0"]
[WhiteElo "1974"]
[BlackElo "1988"]
[PlyCount "63"]
[EventDate "2022.04.15"]
[EventType "swiss"]
[EventRounds "7"]
[EventCountry "ENG"]

1. Nf3 f5 2. b3 Nf6 3. Bb2 e6 4. g3 Be7 5. Bg2 O-O 6. c4 d6 7. d4 a5 8. Nc3 Ne4
9. Qc2 Nxc3 10. Bxc3 Bf6 11. e4 Nc6 12. exf5 exf5 13. O-O Qe8 14. Rfe1 Qh5 15.
d5 Nb4 16. Qd2 f4 17. Re4 g5 18. Bxf6 Rxf6 19. Qc3 Qg6 20. Re8+ Qxe8 21. Qxf6
g4 22. Re1 Qf8 23. Qg5+ Kh8 24. Nd4 Bd7 25. gxf4 Re8 26. Rxe8 Qxe8 27. Qf6+ Kg8
28. Ne6 Bxe6 29. dxe6 c6 30. Be4 Nxa2 31. Qh6 Qe7 32. Bxh7+ 1-0

[Event "Southend Easter op 64th"]
[Site "Southend-on-Sea"]
[Date "2022.04.17"]
[Round "5.25"]
[White "Lim, Mark"]
[Black "Mueller, Jens"]
[Result "1/2-1/2"]
[WhiteElo "1796"]
[BlackElo "1914"]
[PlyCount "37"]
[EventDate "2022.04.15"]
[EventType "swiss"]
[EventRounds "7"]
[EventCountry "ENG"]

1. d4 g6 2. Nf3 Bg7 3. g3 c5 4. dxc5 Qa5+ 5. Nfd2 Qxc5 6. Bg2 Nf6 7. Nc3 O-O 8.
Nb3 Qc7 9. Bg5 Nc6 10. Qd2 a6 11. h4 Ne5 12. Bxf6 Bxf6 13. Nd5 Qd6 14. Nxf6+
Qxf6 15. Qd4 d6 16. h5 Be6 17. O-O-O Rab8 18. Kb1 Ng4 19. Qxf6 1/2-1/2

[Event "Southend Easter op 64th"]
[Site "Southend-on-Sea"]
[Date "2022.04.17"]
[Round "5.26"]
[White "Ghose, Rahul"]
[Black "Staniland, Philip"]
[Result "1/2-1/2"]
[WhiteElo "1840"]
[BlackElo "1902"]
[PlyCount "85"]
[EventDate "2022.04.15"]
[EventType "swiss"]
[EventRounds "7"]
[EventCountry "ENG"]

1. e4 Nc6 2. d4 e5 3. d5 Nce7 4. Nf3 Ng6 5. h4 h5 6. Bg5 Be7 7. c4 Bxg5 8. Nxg5
d6 9. Be2 Nf4 10. Bf1 f6 11. Nf3 Bg4 12. g3 Ng6 13. Be2 Qd7 14. Qb3 Rb8 15.
Nbd2 N8e7 16. Rc1 b6 17. c5 O-O 18. cxd6 cxd6 19. Bb5 Qd8 20. Nh2 Bh3 21. Nhf1
Bxf1 22. Nxf1 f5 23. Nd2 fxe4 24. Nxe4 Nf5 25. Be2 Nd4 26. Qe3 Rf5 27. Ng5 Rc8
28. O-O Ne7 29. Bxh5 Nxd5 30. Qe4 Nf6 31. Qb7 Rb8 32. Qf7+ Kh8 33. Rc7 Ne8 34.
Qg6 Rxg5 35. hxg5 Qxc7 36. Qe4 Qc6 37. Qh4 Kg8 38. f4 Nf5 39. Qh3 Qc5+ 40. Kh1
e4 41. Bg6 Ne3 42. Qe6+ Kh8 43. Qh3+ 1/2-1/2

[Event "Southend Easter op 64th"]
[Site "Southend-on-Sea"]
[Date "2022.04.17"]
[Round "5.27"]
[White "Verma, Shlok"]
[Black "Chan, Ngo Yu"]
[Result "1-0"]
[WhiteElo "1831"]
[BlackElo "1525"]
[PlyCount "59"]
[EventDate "2022.04.15"]
[EventType "swiss"]
[EventRounds "7"]
[EventCountry "ENG"]

1. d4 d5 2. c4 e6 3. Nf3 Nf6 4. Nc3 Be7 5. g3 O-O 6. Bg2 b6 7. O-O Bb7 8. cxd5
exd5 9. Bf4 Nbd7 10. Qc2 Rc8 11. Nb5 c5 12. Nxa7 Ra8 13. Nb5 Ne4 14. Bh3 f5 15.
Nc7 g5 16. Ne6 Qe8 17. Nxf8 Qxf8 18. Ne5 Nxe5 19. Bxe5 Bd6 20. f3 Bxe5 21. dxe5
g4 22. fxe4 gxh3 23. Rxf5 Qh6 24. Rf4 c4 25. Qd2 Qe6 26. Qd4 Qc6 27. Rg4+ Kf8
28. Rf1+ Ke7 29. Rg7+ Ke8 30. Rf6 1-0

[Event "Southend Easter op 64th"]
[Site "Southend-on-Sea"]
[Date "2022.04.17"]
[Round "5.28"]
[White "Latypova, Olga L"]
[Black "Pert, Max"]
[Result "1/2-1/2"]
[WhiteElo "1451"]
[BlackElo "1556"]
[PlyCount "39"]
[EventDate "2022.04.15"]
[EventType "swiss"]
[EventRounds "7"]
[EventCountry "ENG"]

1. e4 c6 2. d4 d5 3. Nc3 dxe4 4. Nxe4 Nf6 5. Nxf6+ exf6 6. c3 Bd6 7. Bd3 O-O 8.
Ne2 Re8 9. O-O Nd7 10. Qc2 Nf8 11. Bd2 Qc7 12. Ng3 Bg4 13. Rfe1 Ng6 14. Rxe8+
Rxe8 15. Re1 Rxe1+ 16. Bxe1 Qe7 17. Kf1 Kf8 18. Bf5 Bxf5 19. Nxf5 Qe6 20. Nxd6
1/2-1/2

[Event "Southend Easter op 64th"]
[Site "Southend-on-Sea"]
[Date "2022.04.17"]
[Round "5.29"]
[White "Dias, Ruwan"]
[Black "Rebonato Scott, Sebastiano"]
[Result "0-1"]
[WhiteElo "1518"]
[BlackElo "1518"]
[PlyCount "92"]
[EventDate "2022.04.15"]
[EventType "swiss"]
[EventRounds "7"]
[EventCountry "ENG"]

1. e4 c5 2. Nc3 e6 3. f4 Nc6 4. Nf3 d5 5. d3 dxe4 6. dxe4 Qxd1+ 7. Kxd1 g6 8.
Bb5 Bd7 9. e5 O-O-O 10. Ke1 Nb4 11. Bxd7+ Rxd7 12. Kf2 Nxc2 13. Rb1 Nd4 14. Be3
Nh6 15. h3 Nxf3 16. Kxf3 Nf5 17. g4 Nxe3 18. Kxe3 Be7 19. Rbd1 Rhd8 20. Rxd7
Kxd7 21. Ke4 Kc6 22. Rd1 Rxd1 23. Nxd1 b5 24. f5 gxf5+ 25. gxf5 exf5+ 26. Kxf5
Kd5 27. Nc3+ Kc4 28. Ne4 Kd3 29. Nd6 Kc2 30. Nxb5 Kxb2 31. Nd6 Kxa2 32. Nxf7 c4
33. Ke6 Bf8 34. Nd6 c3 35. Kf7 c2 36. Kxf8 c1=Q 37. e6 Qc5 38. e7 Qxd6 39. Kf7
Qd5+ 40. Kf8 Qf5+ 41. Kg7 Qe6 42. Kf8 Qf6+ 43. Ke8 Kb3 44. h4 Qxh4 45. Kf7
Qxe7+ 46. Kxe7 h5 0-1

[Event "Southend Easter op 64th"]
[Site "Southend-on-Sea"]
[Date "2022.04.17"]
[Round "5.30"]
[White "Brown, Geoffrey M"]
[Black "Ball, Charlie"]
[Result "1-0"]
[WhiteElo "1906"]
[BlackElo "1272"]
[PlyCount "77"]
[EventDate "2022.04.15"]
[EventType "swiss"]
[EventRounds "7"]
[EventCountry "ENG"]

1. Nf3 Nf6 2. b3 d5 3. Bb2 Bf5 4. e3 e6 5. Nh4 Bg6 6. Nxg6 hxg6 7. c4 c6 8. a3
a5 9. d4 Bd6 10. g3 Nbd7 11. Bg2 Ne4 12. Nd2 Ndf6 13. Nxe4 Nxe4 14. Bxe4 dxe4
15. Qg4 Qe7 16. Qxe4 Rh6 17. Kf1 O-O-O 18. c5 Bc7 19. b4 axb4 20. axb4 Rdh8 21.
Kg2 Qd8 22. Ra8+ Bb8 23. Qf4 Qc7 24. Qxc7+ Kxc7 25. d5 R6h7 26. Be5+ Kd7 27.
dxe6+ Kxe6 28. Rxb8 Kxe5 29. Rxb7 f6 30. Re7+ Kd5 31. Rd1+ Kc4 32. Rd4+ Kc3 33.
h4 g5 34. hxg5 fxg5 35. Rf7 Rb8 36. Rg4 Rxb4 37. Rxg5 Rb5 38. Rc7 Kc4 39. Rxc6
1-0

[Event "Southend Easter op 64th"]
[Site "Southend-on-Sea"]
[Date "2022.04.17"]
[Round "5.31"]
[White "Davis-Loades, Alex"]
[Black "Volovich, Julia"]
[Result "0-1"]
[WhiteElo "1837"]
[BlackElo "1802"]
[PlyCount "104"]
[EventDate "2022.04.15"]
[EventType "swiss"]
[EventRounds "7"]
[EventCountry "ENG"]

1. d4 Nf6 2. c4 g6 3. Nc3 d5 4. Nf3 Bg7 5. Bg5 Ne4 6. Bh4 Nxc3 7. bxc3 dxc4 8.
Qa4+ c6 9. Qxc4 Qa5 10. e3 Be6 11. Qb4 Qxb4 12. cxb4 Nd7 13. Bd3 a5 14. b5 c5
15. O-O Bd5 16. e4 Be6 17. d5 Bg4 18. Rac1 O-O-O 19. h3 Bxf3 20. gxf3 Bh6 21.
Rc2 Ne5 22. Be2 Bf4 23. Bg3 g5 24. Kg2 Kd7 25. Bc4 Kd6 26. b6 Rhg8 27. Rb1 Ra8
28. a4 h5 29. Rb3 Rg6 30. Be2 Rgg8 31. Rbc3 h4 32. Bh2 Rgc8 33. Bb5 Bxh2 34.
Kxh2 c4 35. Bxc4 Rc5 36. Bb5 Rac8 37. Rxc5 Rxc5 38. Rxc5 Kxc5 39. Kg2 Kxb6 40.
Be8 Kc5 41. Bb5 f6 42. Be8 Kd4 43. Bb5 Nc4 44. Kf1 Nd6 45. Bd7 b5 46. Bxb5 Nxb5
47. axb5 Kc5 48. Ke2 Kxb5 49. Kd3 Kc5 50. Kc3 Kd6 51. Kc4 Ke5 52. Kc5 a4 0-1